Nemzetközi jog szerepe a sportban

Elmentve itt :
Bibliográfiai részletek
Szerző: Szabó Tünde
További közreműködők: Bodnár László (Témavezető)
Schmitt Pál (Témavezető)
Dokumentumtípus: Szakdolgozat
Megjelent: 2006
Tárgyszavak:
Law
Online Access:http://diploma.bibl.u-szeged.hu/29816
LEADER 00597nta a2200181 i 4500
001 dipl29816
005 20130314090555.0
008 110712s2006 hu om 0|| zxx d
040 |a SZTE Diploma Repozitórium  |b hun 
041 |a zxx 
100 1 |a Szabó Tünde 
245 1 0 |a Nemzetközi jog szerepe a sportban  |h [elektronikus dokumentum] /  |c Tünde Szabó 
260 |c 2006 
650 4 |a Jogi és igazgatási tanulmányok 
650 4 |a Law 
700 0 1 |a Bodnár László  |e ths 
700 0 1 |a Schmitt Pál  |e ths 
856 4 0 |u https://diploma.bibl.u-szeged.hu/id/eprint/29816/1/2006_szabo_tunde.pdf  |z Dokumentum-elérés